Sustainability assessment : criteria and processes

Bibliographic Details
Main Author: Gibson, Robert B. , 1950-
Format: Book
Published: London Sterling, VA : Earthscan , 2005.
Subjects:

MARC

LEADER 00000cam a2200000 7i4500
001 0000003474
005 20060330.0
020 0 0 |a 1844070514 
090 0 0 |a 338.927   |b GIB 
100 1 0 |a Gibson, Robert B. ,   |d 1950- 
245 1 0 |a Sustainability assessment :   |b criteria and processes   |c Robert B. Gibson. 
260 0 0 |a London   |a Sterling, VA :   |b Earthscan ,   |c 2005. 
300 |a xii, 254 p. ;   |c 24 cm. 
650 0 0 |a Sustainable development. 
999 |a 0000006665   |b Monograph   |c Open Shelf   |e Default branch